ბათუმის შოთა რუსთაველის სახელმწიფო უნივერსიტეტის ბიბლიოთეკა

ახალი ისტორია. 1640-1815 წლები. ნაკვ. 2 (ბიბ.ჩანაწერი № 56508)

000 -LEADER
fixed length control field 00758nam a2200229Ia 4500
001 - CONTROL NUMBER
control field 23622
003 - CONTROL NUMBER IDENTIFIER
control field GE_BSU
008 - FIXED-LENGTH DATA ELEMENTS--GENERAL INFORMATION
fixed length control field 181216s||||||||xx |||||||||||||| ||und||
020 ## - INTERNATIONAL STANDARD BOOK NUMBER
International Standard Book Number 9992831057
040 ## - CATALOGING SOURCE
Transcribing agency GE_BSU
080 ## - UNIVERSAL DECIMAL CLASSIFICATION NUMBER
Universal Decimal Classification number 94(100)"15/18
100 ## - MAIN ENTRY--PERSONAL NAME
Personal name თვალავაძე, ვ.
245 ## - TITLE STATEMENT
Title ახალი ისტორია. 1640-1815 წლები. ნაკვ. 2
245 ## - TITLE STATEMENT
Statement of responsibility, etc. რედ. გ. მანჯგალაძე.
260 ## - PUBLICATION, DISTRIBUTION, ETC.
Place of publication, distribution, etc. თბილისი
260 ## - PUBLICATION, DISTRIBUTION, ETC.
Name of publisher, distributor, etc. თბილისის უნ-ტის გამ-ბა
260 ## - PUBLICATION, DISTRIBUTION, ETC.
Date of publication, distribution, etc. 1999
300 ## - PHYSICAL DESCRIPTION
Extent 205გვ. ; 21სმ. ილ.
653 ## - INDEX TERM--UNCONTROLLED
Uncontrolled term ახალი ისტორია. 1640-1815 წლები. ნაკვ. 2
942 ## - ADDED ENTRY ELEMENTS (KOHA)
Koha item type წიგნი
ეგზემპლარები
Withdrawn status Lost status Damaged status Not for loan Date acquired Barcode Date last seen Price effective from Koha item type Public note
        2018-12-17 00522 2018-12-17 2018-12-17 წიგნი ქსეროქსი